Culpa y disculpa del general Santiago de Óleo. (Record no. 8118)
[ view plain ]
| 000 -CABECERA | |
|---|---|
| campo de control de longitud fija | 00332nam a2200121 a 4500 |
| 001 - NÚMERO DE CONTROL | |
| campo de control | 000008347 |
| 005 - FECHA Y HORA DE LA ÚLTIMA TRANSACCIÓN | |
| campo de control | 20200929161330.0 |
| 008 - DATOS DE LONGITUD FIJA--INFORMACIÓN GENERAL | |
| campo de control de longitud fija | 090916s1983 000 spa d |
| 040 ## - FUENTE DE LA CATALOGACIÓN | |
| Centro catalogador/agencia de origen | DO-SdBNP |
| 100 ## - ENTRADA PRINCIPAL--NOMBRE DE PERSONA | |
| Nombre de persona | Concepción, J. Agustín |
| 9 (RLIN) | 22539 |
| 245 #0 - MENCIÓN DE TÍTULO | |
| Título | Culpa y disculpa del general Santiago de Óleo. |
| 260 ## - PUBLICACIÓN, DISTRIBUCIÓN, ETC. | |
| Lugar de publicación, distribución, etc. | Santo Domingo, |
| Fecha de publicación, distribución, etc. | 1983. |
| Estado de retiro | Estado de pérdida | Restricciones de uso | No para préstamo | Código de colección | Localización permanente | Ubicación/localización actual | Ubicación en estantería | Fecha de adquisición | Número de inventario | Total de préstamos | Signatura topográfica completa | Código de barras | Fecha visto por última vez | Precio válido a partir de | Tipo de ítem Koha |
|---|---|---|---|---|---|---|---|---|---|---|---|---|---|---|---|
| Monografías: Libros y Folletos | Patrimonio Dominicano | Patrimonio Dominicano | Orden iniciada | 16.09.2009 | LF1 | 8347-10 | 25.06.2020 | 25.06.2020 | No se presta |
